000 00652nam a22001817a 4500
003 UA-OsUOA
001 13586
007 ta
008 20030610b un ||||| |||| 00| 0 ukr d
100 _aКолодяжний М.
942 _cSA
040 _aUA-OsUOA
_cUA-OsUOA
_dUA-OsUOA
245 _aДомівка, створена природою із участю турботливих людей
_b[Про держ. лісомислив. госп-во "Дубенське"
300 _aС.4
955 _a0
773 0 _w0
_tВісті Рівненщини
_dРівне
_d2003
_g№41/21 трав./
650 7 _aКраєзнавча робота
_2UDC
999 _c299747
_d299747